[Event "12. Open Internacional Málaga"]
[Site "Malaga ESP"]
[Date "2009.07.17"]
[Round "8.19"]
[White "Claros Egea, Christian"]
[Black "Guerreiro, Nuno"]
[Result "1-0"]
[WhiteElo "2281"]
[BlackElo "2095"]
[PlyCount "91"]
[EventDate "2009.07.11"]
[EventType "swiss"]
[EventRounds "9"]
[EventCountry "ESP"]
[Source "lmi"]
[SourceDate "2009.07.11"]

1. e4 Nc6 2. Nf3 Nf6 3. e5 Ng4 4. d4 d6 5. h3 Nh6 6. exd6 Qxd6 7. Nc3 a6 8. d5
Ne5 9. Nxe5 Qxe5+ 10. Be2 Nf5 11. O-O e6 12. Bd3 Bd6 13. f4 Qd4+ 14. Kh2 e5 15.
Qe1 O-O 16. g4 Ne7 17. Be3 Qb4 18. a3 Qa5 19. b4 Bxb4 20. axb4 Qxb4 21. fxe5
Ng6 22. Bxg6 hxg6 23. Rb1 Qe7 24. Bf4 Qc5 25. Rd1 a5 26. Ne4 Qc4 27. c3 a4 28.
Rd4 Qb3 29. Bg5 Ra6 30. Nf6+ gxf6 31. exf6 Qb5 32. c4 Qc5 33. Re4 Qd6+ 34. Kh1
Rb6 35. Qh4 Rb2 36. Bf4 Qb6 37. Be3 Qd6 38. Bf4 Qb6 39. Be5 Rb1 40. Rxb1 Qxb1+
41. Re1 g5 42. Qxg5+ Qg6 43. Qf4 a3 44. h4 a2 45. h5 Qh7 46. Qg5+ 1-0

[Event "12. Open Internacional Málaga"]
[Site "Malaga ESP"]
[Date "2009.07.17"]
[Round "8.21"]
[White "Schmidt, Ralf"]
[Black "Lasinskas, Povilas"]
[Result "1-0"]
[WhiteElo "2171"]
[BlackElo "2268"]
[PlyCount "73"]
[EventDate "2009.07.11"]
[EventType "swiss"]
[EventRounds "9"]
[EventCountry "ESP"]
[Source "lmi"]
[SourceDate "2009.07.11"]

1. e4 c5 2. Nc3 Nc6 3. d3 g6 4. Be3 d6 5. g3 Bg7 6. Bg2 e6 7. Qd2 h6 8. h4 Nge7
9. Nh3 Nd4 10. Nd1 Nec6 11. c3 e5 12. f4 Nb5 13. h5 exf4 14. gxf4 gxh5 15. f5
Ne5 16. Nf4 Bf6 17. Rxh5 Nc7 18. Nf2 Bd7 19. O-O-O Qe7 20. Nd5 Nxd5 21. exd5
O-O-O 22. Ne4 Ng4 23. Bf4 Be5 24. d4 cxd4 25. cxd4 Nf6 26. dxe5 Nxh5 27. Nxd6+
Kb8 28. e6 Nxf4 29. Qxf4 Ka8 30. f6 Rc8+ 31. Nxc8 Qc5+ 32. Kb1 Bxc8 33. Rc1 Qa5
34. Qc7 Qxc7 35. Rxc7 fxe6 36. Rxc8+ Rxc8 37. dxe6 1-0

[Event "12. Open Internacional Málaga"]
[Site "Malaga ESP"]
[Date "2009.07.17"]
[Round "8.22"]
[White "Bermejo Martinez, Jorge"]
[Black "Montero Melendrez, Rafael"]
[Result "1-0"]
[WhiteElo "2240"]
[BlackElo "2249"]
[PlyCount "53"]
[EventDate "2009.07.11"]
[EventType "swiss"]
[EventRounds "9"]
[EventCountry "ESP"]
[Source "lmi"]
[SourceDate "2009.07.11"]

1. d4 Nf6 2. c4 c5 3. Nf3 e6 4. Nc3 cxd4 5. Nxd4 Bb4 6. Ndb5 a6 7. Nd6+ Ke7 8.
Nxc8+ Qxc8 9. Qb3 Nc6 10. Bf4 Ne4 11. a3 Bxc3+ 12. bxc3 d6 13. Rd1 e5 14. Bc1
Nc5 15. Qc2 Qe6 16. e4 Na5 17. Rd5 Rac8 18. Be3 Rc6 19. Be2 Qc8 20. O-O Qc7 21.
f4 Ne6 22. fxe5 dxe5 23. Rfd1 Nc5 24. Bg4 Ne6 25. Qd3 Kf6 26. Rd7 Rd8 27. Qf1+
1-0

[Event "12. Open Internacional Málaga"]
[Site "Malaga ESP"]
[Date "2009.07.17"]
[Round "8.24"]
[White "Sanchez Quiroga, Miguel Angel"]
[Black "Fierro Baquero, Martha L"]
[Result "0-1"]
[WhiteElo "2191"]
[BlackElo "2394"]
[PlyCount "88"]
[EventDate "2009.07.11"]
[EventType "swiss"]
[EventRounds "9"]
[EventCountry "ESP"]
[Source "lmi"]
[SourceDate "2009.07.11"]

1. e4 c5 2. Nf3 g6 3. d4 cxd4 4. Nxd4 Nc6 5. Nc3 Bg7 6. Be3 Nf6 7. Bc4 O-O 8.
Bb3 d6 9. h3 Nxd4 10. Bxd4 b5 11. O-O Bb7 12. Nd5 e6 13. Nxf6+ Bxf6 14. Re1 a5
15. a3 Rc8 16. c3 Be7 17. Qd3 Bc6 18. Qe3 a4 19. Ba2 e5 20. Bb6 Qd7 21. Rad1
Kg7 22. f4 Qb7 23. Bd5 Rb8 24. Ba7 Ra8 25. Bxc6 Qxc6 26. fxe5 dxe5 27. Rd5 Rfd8
28. Red1 Qc4 29. Kh2 h6 30. Rd7 Rxd7 31. Rxd7 Bg5 32. Qf2 Bf4+ 33. g3 Bg5 34.
Be3 Bxe3 35. Qxe3 Qf1 36. h4 Ra6 37. Qc5 Qe2+ 38. Kh3 Qf1+ 39. Kh2 Qe2+ 40. Kh3
Qxe4 41. Qd5 Qf5+ 42. g4 Qf1+ 43. Kg3 Qf4+ 44. Kh3 Rf6 0-1

[Event "12. Open Internacional Málaga"]
[Site "Malaga ESP"]
[Date "2009.07.17"]
[Round "8.25"]
[White "Valmana Canto, Jaime"]
[Black "Garcia Rodriguez, Victor"]
[Result "1-0"]
[WhiteElo "2348"]
[BlackElo "2090"]
[PlyCount "35"]
[EventDate "2009.07.11"]
[EventType "swiss"]
[EventRounds "9"]
[EventCountry "ESP"]
[Source "lmi"]
[SourceDate "2009.07.11"]

1. e4 e5 2. Bc4 Bc5 3. Nc3 Nc6 4. d3 d6 5. Na4 Qf6 6. Nxc5 dxc5 7. Be3 b6 8.
Ne2 Nd4 9. Ng3 Ne7 10. O-O h5 11. f4 Ne6 12. fxe5 Qxe5 13. c3 h4 14. d4 cxd4
15. cxd4 Qa5 16. Nf5 Nxf5 17. exf5 Nd8 18. Bd2 1-0

[Event "12. Open Internacional Málaga"]
[Site "Malaga ESP"]
[Date "2009.07.17"]
[Round "8.26"]
[White "Jimenez Capilla, Jose Alfonso"]
[Black "Pascual Palomo, Lucia"]
[Result "0-1"]
[WhiteElo "2023"]
[BlackElo "2116"]
[PlyCount "86"]
[EventDate "2009.07.11"]
[EventType "swiss"]
[EventRounds "9"]
[EventCountry "ESP"]
[Source "lmi"]
[SourceDate "2009.07.11"]

1. d4 e6 2. f4 f5 3. Nf3 Nf6 4. Nbd2 b6 5. e3 Bb7 6. Bd3 Be7 7. O-O O-O 8. c3
c5 9. Re1 Ne4 10. Qc2 Nxd2 11. Nxd2 Nc6 12. Nf3 Rc8 13. Qf2 d6 14. Bc4 Qd7 15.
b3 Rf6 16. Bf1 Rh6 17. Bb2 Bf6 18. Rad1 Qf7 19. dxc5 dxc5 20. Rd6 Qh5 21. g3
Nd8 22. Be2 Qe8 23. h4 Bd5 24. Bc4 Be7 25. Rxd5 exd5 26. Bxd5+ Kh8 27. c4 Nf7
28. e4 fxe4 29. Rxe4 Qf8 30. Qe2 Bf6 31. Ne5 Nxe5 32. fxe5 Be7 33. Rf4 Qd8 34.
Rf7 Rg6 35. Kf2 Bxh4 36. gxh4 Qxh4+ 37. Kf1 Qg3 38. Bg2 Rd8 39. Rf2 h6 40. Qf3
Qg5 41. Rc2 Qe7 42. Qe4 Rg3 43. Qf4 Rf8 0-1

[Event "12. Open Internacional Málaga"]
[Site "Malaga ESP"]
[Date "2009.07.17"]
[Round "8.27"]
[White "Ladron De Guevara Pinto, Paolo"]
[Black "Ramos Moreno, Francisco Jose"]
[Result "1-0"]
[WhiteElo "2020"]
[BlackElo "2103"]
[PlyCount "85"]
[EventDate "2009.07.11"]
[EventType "swiss"]
[EventRounds "9"]
[EventCountry "ESP"]
[Source "lmi"]
[SourceDate "2009.07.11"]

1. e4 e5 2. Nf3 f5 3. Nxe5 Nf6 4. d4 d6 5. Nc4 fxe4 6. Be2 Be7 7. O-O O-O 8.
Ne3 d5 9. b3 Be6 10. c4 c6 11. Nc3 Nbd7 12. Bb2 a6 13. Qc2 b5 14. c5 Qe8 15. f4
Nh5 16. f5 Bg5 17. Ncd1 Bf7 18. Bxh5 Bxh5 19. g4 Bf7 20. Ng2 Bd8 21. Bc1 Bc7
22. Bf4 Bxf4 23. Rxf4 Qe7 24. Nde3 h5 25. Raf1 hxg4 26. Nxg4 Bh5 27. N2e3 Qg5
28. h4 Qe7 29. Qg2 Kh8 30. Qg3 Rae8 31. Kh2 Qf7 32. b4 Kh7 33. Nf2 Qf6 34. Qg5
g6 35. Rg1 Qxg5 36. Rxg5 Kg7 37. Nh3 Nf6 38. fxg6 Bxg6 39. Nf5+ Kh7 40. Nd6 Rd8
41. Re5 Kg8 42. Ng5 Ne8 43. Rxf8+ 1-0

[Event "12. Open Internacional Málaga"]
[Site "Malaga ESP"]
[Date "2009.07.17"]
[Round "8.28"]
[White "Roman Lopez, Jesus"]
[Black "Fomani, Medhi"]
[Result "1-0"]
[WhiteElo "1892"]
[BlackElo "2036"]
[PlyCount "59"]
[EventDate "2009.07.11"]
[EventType "swiss"]
[EventRounds "9"]
[EventCountry "ESP"]
[Source "lmi"]
[SourceDate "2009.07.11"]

1. e4 d5 2. e5 c5 3. d4 Nc6 4. Bb5 Bf5 5. Nf3 e6 6. O-O Qb6 7. Bxc6+ bxc6 8.
Nc3 cxd4 9. Nxd4 Bg6 10. b3 a6 11. Na4 Qc7 12. Qe2 Nh6 13. h4 c5 14. h5 cxd4
15. hxg6 hxg6 16. Bb2 Bc5 17. Nxc5 Qxc5 18. Rfd1 Nf5 19. g4 Ng3 20. Qd3 Ne4 21.
Bxd4 Qe7 22. Qf1 Qh4 23. Qg2 Rc8 24. c4 Ng5 25. Be3 dxc4 26. bxc4 Nh3+ 27. Kf1
Qe7 28. Rab1 Qc7 29. Qe4 Qe7 30. Qc6+ 1-0

[Event "12. Open Internacional Málaga"]
[Site "Malaga ESP"]
[Date "2009.07.17"]
[Round "8.30"]
[White "Palomo Leon, Juan Antonio"]
[Black "Teijeiro Barros, Alberto"]
[Result "0-1"]
[WhiteElo "1980"]
[BlackElo "2198"]
[PlyCount "46"]
[EventDate "2009.07.11"]
[EventType "swiss"]
[EventRounds "9"]
[EventCountry "ESP"]
[Source "lmi"]
[SourceDate "2009.07.11"]

1. d4 Nf6 2. c4 e6 3. Nf3 c5 4. d5 b5 5. dxe6 fxe6 6. Bf4 bxc4 7. Bd6 Bxd6 8.
Qxd6 Qb6 9. Qd2 O-O 10. e3 d5 11. Nc3 Nc6 12. Rd1 Rb8 13. Na4 Qb5 14. b3 Ne4
15. Qc2 Qb4+ 16. Nd2 Nxf2 17. Rb1 c3 18. Nf3 Nxh1 19. Bd3 h6 20. Ke2 e5 21.
Bh7+ Kh8 22. a3 Qg4 23. Kf1 e4 0-1

[Event "12. Open Internacional Málaga"]
[Site "Malaga ESP"]
[Date "2009.07.17"]
[Round "8.31"]
[White "Guadamuro Torrente, Ana Isabel"]
[Black "Jurado Vazquez, Jose Carlos"]
[Result "1-0"]
[WhiteElo "2136"]
[BlackElo "1963"]
[PlyCount "81"]
[EventDate "2009.07.11"]
[EventType "swiss"]
[EventRounds "9"]
[EventCountry "ESP"]
[Source "lmi"]
[SourceDate "2009.07.11"]

1. e4 c5 2. Nf3 d6 3. d4 cxd4 4. Nxd4 Nf6 5. Nc3 a6 6. Be2 e6 7. O-O Be7 8. Be3
O-O 9. f4 Qc7 10. Qe1 Nc6 11. Qg3 Bd7 12. Kh1 b5 13. a3 Rac8 14. f5 Kh8 15. Qh3
Nxd4 16. Bxd4 e5 17. Be3 Bc6 18. Bd3 Qb7 19. Bg5 Rfe8 20. Qh4 Ng8 21. Bxe7 Qxe7
22. Qh3 Qb7 23. Rae1 f6 24. Qh4 Ne7 25. Ne2 d5 26. Ng3 dxe4 27. Nxe4 Bxe4 28.
Bxe4 Nc6 29. Rf3 Qf7 30. c3 Ne7 31. Rh3 h6 32. Rd3 Red8 33. Red1 Rxd3 34. Rxd3
Qc4 35. Qe1 a5 36. Rd7 Rc7 37. Rd8+ Kh7 38. h3 a4 39. Bd3 Qc6 40. Qg3 Rd7 41.
Qg6+ 1-0

[Event "12. Open Internacional Málaga"]
[Site "Malaga ESP"]
[Date "2009.07.17"]
[Round "8.32"]
[White "Dominguez Garcia, Francisco"]
[Black "Vinas Guerrero, Carlos A"]
[Result "0-1"]
[WhiteElo "1956"]
[BlackElo "2104"]
[PlyCount "68"]
[EventDate "2009.07.11"]
[EventType "swiss"]
[EventRounds "9"]
[EventCountry "ESP"]
[Source "lmi"]
[SourceDate "2009.07.11"]

1. e4 e5 2. Nf3 Nc6 3. d4 exd4 4. Nxd4 Bc5 5. Nxc6 bxc6 6. Nc3 d6 7. Na4 Bb6 8.
Nxb6 axb6 9. Bd3 Ne7 10. O-O O-O 11. Bg5 f6 12. Bh4 Be6 13. Qe2 Qd7 14. f4 Ng6
15. Bg3 f5 16. c4 fxe4 17. Bxe4 Bf5 18. Bxf5 Rxf5 19. a3 Re8 20. Qg4 Qf7 21.
Rae1 Rf8 22. Re4 h5 23. Qe2 h4 24. Bxh4 Nxh4 25. g4 Qg6 26. Kh1 R5f6 27. g5
Qxg5 28. Rg1 Qh6 29. Re7 Nf5 30. Rxc7 Rg6 31. Rxg6 Qxg6 32. Rxc6 Re8 33. Qf2
Qg4 34. Qg1 Qf3+ 0-1

[Event "12. Open Internacional Málaga"]
[Site "Malaga ESP"]
[Date "2009.07.17"]
[Round "8.33"]
[White "De Francisco Y De Diego, Felipe"]
[Black "Goetzee, Rick"]
[Result "1/2-1/2"]
[WhiteElo "2044"]
[BlackElo "1949"]
[PlyCount "85"]
[EventDate "2009.07.11"]
[EventType "swiss"]
[EventRounds "9"]
[EventCountry "ESP"]
[Source "lmi"]
[SourceDate "2009.07.11"]

1. d4 d5 2. c4 c6 3. Nc3 Nf6 4. Bg5 e6 5. cxd5 exd5 6. e3 Be7 7. Qc2 O-O 8. Bd3
Nbd7 9. Nge2 Re8 10. O-O h6 11. Bf4 Nh5 12. a3 Nxf4 13. Nxf4 Bd6 14. Nfe2 Nf6
15. Ng3 Bd7 16. b4 a6 17. e4 Bxg3 18. hxg3 dxe4 19. Nxe4 Nxe4 20. Bxe4 Be6 21.
Qc5 Bd5 22. Bxd5 Qxd5 23. Qxd5 cxd5 24. Rac1 Re2 25. Rc7 b5 26. Rd7 Rc8 27.
Rxd5 Rc3 28. Rd7 Kf8 29. Ra7 Rxa3 30. Rc1 Raa2 31. d5 Rad2 32. Rc8+ Re8 33.
Rxe8+ Kxe8 34. Rxa6 Rd1+ 35. Kh2 Rxd5 36. Rb6 Kd7 37. Rb7+ Ke6 38. g4 g6 39.
Kg3 f5 40. Rb6+ Kf7 41. Rb7+ Ke6 42. Rb6+ Kf7 43. Rb7+ 1/2-1/2

[Event "12. Open Internacional Málaga"]
[Site "Malaga ESP"]
[Date "2009.07.17"]
[Round "8.34"]
[White "Ortega Gonzalez, Jose Luis"]
[Black "Corrales Ibanez, Pedro Luis"]
[Result "1-0"]
[WhiteElo "1867"]
[BlackElo "2010"]
[PlyCount "35"]
[EventDate "2009.07.11"]
[EventType "swiss"]
[EventRounds "9"]
[EventCountry "ESP"]
[Source "lmi"]
[SourceDate "2009.07.11"]

1. e4 e5 2. Bc4 Nf6 3. Nc3 Nc6 4. d3 Bc5 5. Bg5 d6 6. h3 Be6 7. Bxe6 fxe6 8.
Na4 Bb6 9. Ne2 O-O 10. Nxb6 axb6 11. O-O h6 12. Be3 d5 13. Ng3 Qe8 14. Qe2 Qg6
15. a3 dxe4 16. dxe4 Nxe4 17. Qd3 Ra4 18. b4 1-0

[Event "12. Open Internacional Málaga"]
[Site "Malaga ESP"]
[Date "2009.07.17"]
[Round "8.35"]
[White "Dappiano, Andrea"]
[Black "Delgado Lozano, Jose Manuel"]
[Result "0-1"]
[WhiteElo "1927"]
[BlackElo "2010"]
[PlyCount "48"]
[EventDate "2009.07.11"]
[EventType "swiss"]
[EventRounds "9"]
[EventCountry "ESP"]
[Source "lmi"]
[SourceDate "2009.07.11"]

1. c4 e5 2. Nc3 Nc6 3. g3 f5 4. Bg2 Nf6 5. d3 Bc5 6. Nf3 d6 7. O-O O-O 8. Nd5
Nxd5 9. cxd5 Nd4 10. Nxd4 Bxd4 11. e3 Bb6 12. Bd2 Qe8 13. a4 a5 14. b4 f4 15.
bxa5 Bxa5 16. Bxa5 Rxa5 17. Re1 Qg6 18. e4 Bg4 19. f3 Bd7 20. g4 Rfa8 21. Qc2
c5 22. Qb2 R8a7 23. Qb6 R5a6 24. Qc7 b5 0-1

[Event "12. Open Internacional Málaga"]
[Site "Malaga ESP"]
[Date "2009.07.17"]
[Round "8.37"]
[White "Antunez Munoz, Juan Jesus"]
[Black "Jimenez Ruiz, Jose Carlos"]
[Result "0-1"]
[WhiteElo "1699"]
[BlackElo "1985"]
[PlyCount "114"]
[EventDate "2009.07.11"]
[EventType "swiss"]
[EventRounds "9"]
[EventCountry "ESP"]
[Source "lmi"]
[SourceDate "2009.07.11"]

1. e4 e6 2. d3 d5 3. Nd2 Nf6 4. Ngf3 c5 5. g3 Nc6 6. Bg2 Be7 7. O-O O-O 8. Re1
Qc7 9. Nf1 b6 10. e5 Nd7 11. Bf4 Bb7 12. h4 d4 13. N1h2 Nb4 14. Ng5 Bxg2 15.
Kxg2 Nd5 16. Qg4 Nxf4+ 17. Qxf4 Bxg5 18. hxg5 Rfd8 19. Nf3 Nf8 20. Rh1 Ng6 21.
Qe4 Rac8 22. Rh3 Qc6 23. Qxc6 Rxc6 24. Rah1 Nf8 25. Nd2 b5 26. b3 Ra6 27. Ra1
Nd7 28. f4 f6 29. exf6 gxf6 30. Rah1 Rxa2 31. Rxh7 Nf8 32. Rh8+ Kf7 33. Ne4
Rxc2+ 34. Kf3 fxg5 35. fxg5 c4 36. g6+ Kxg6 37. R8h6+ Kf7 38. Rf6+ Ke7 39. bxc4
bxc4 40. Rh8 cxd3 41. Rg8 d2 42. Rg7+ Ke8 43. Ke2 d3+ 44. Kd1 Rc1+ 45. Kxd2
Rc2+ 46. Ke3 d2 47. Rf1 d1=N+ 48. Kf4 Rc4 49. Rxa7 Nc3 50. Re1 Rdd4 51. Ra8+
Kf7 52. Kg5 Nxe4+ 53. Kh6 Nxg3 54. Ra7+ Nd7 55. Rxd7+ Rxd7 56. Re5 Kf6 57. Re4
Rdd4 0-1

[Event "12. Open Internacional Málaga"]
[Site "Malaga ESP"]
[Date "2009.07.17"]
[Round "8.39"]
[White "Ladron De Guevara Bravo, Fermin"]
[Black "Flores Chico, Jorge"]
[Result "0-1"]
[WhiteElo "1727"]
[BlackElo "2108"]
[PlyCount "76"]
[EventDate "2009.07.11"]
[EventType "swiss"]
[EventRounds "9"]
[EventCountry "ESP"]
[Source "lmi"]
[SourceDate "2009.07.11"]

1. Nf3 d5 2. d4 Nc6 3. g3 Bg4 4. Bg2 Qd7 5. h3 Bf5 6. b3 O-O-O 7. c4 dxc4 8. g4
Be4 9. O-O Bxf3 10. exf3 Qxd4 11. Qxd4 Nxd4 12. Bb2 Nc2 13. bxc4 Nxa1 14. Bxa1
e6 15. Nc3 Nf6 16. f4 Bc5 17. g5 Nh5 18. Rb1 c6 19. Ne4 Bd4 20. c5 Bxa1 21.
Rxa1 Nxf4 22. Nd6+ Rxd6 23. cxd6 Nxg2 24. Kxg2 Kd7 25. Rb1 b6 26. Rd1 Rc8 27.
Kg3 c5 28. Kf4 f6 29. gxf6 gxf6 30. Rg1 Kxd6 31. Rg7 Rc7 32. Rg8 c4 33. Rd8+
Kc5 34. Re8 e5+ 35. Ke4 Kb4 36. Rg8 c3 37. Kf5 c2 38. Rg1 c1=Q 0-1

[Event "12. Open Internacional Málaga"]
[Site "Malaga ESP"]
[Date "2009.07.17"]
[Round "8.45"]
[White "Linares Andres, Antonio"]
[Black "Fernandez Garcia, Francisco"]
[Result "0-1"]
[WhiteElo "1690"]
[BlackElo "1913"]
[PlyCount "130"]
[EventDate "2009.07.11"]
[EventType "swiss"]
[EventRounds "9"]
[EventCountry "ESP"]
[Source "lmi"]
[SourceDate "2009.07.11"]

1. e4 c5 2. Nc3 Nc6 3. g3 e6 4. Bg2 d6 5. Nge2 Be7 6. O-O Nf6 7. d4 cxd4 8.
Nxd4 O-O 9. Kh1 Qb6 10. Nce2 e5 11. Nf5 Bxf5 12. exf5 Rad8 13. c3 d5 14. a4 Ng4
15. Qe1 Bc5 16. Kg1 Ne7 17. b4 Bd6 18. a5 Qc7 19. h3 Nf6 20. Bg5 Nxf5 21. Bxf6
gxf6 22. Rd1 Ne7 23. f4 b6 24. axb6 Qxb6+ 25. Qf2 d4 26. fxe5 fxe5 27. cxd4
Bxb4 28. Rb1 exd4 29. Nc1 Qd6 30. Nd3 a5 31. Nxb4 axb4 32. Qf6 Qxf6 33. Rxf6
Rb8 34. Be4 Kg7 35. Rd6 Rfd8 36. Rxd8 Rxd8 37. Rxb4 d3 38. Rb1 f5 39. Bf3 Ng6
40. Kf2 Ne5 41. Bd1 Nc4 42. Rb4 Rc8 43. g4 fxg4 44. Bxg4 Rc7 45. Be6 Ne5 46.
Rd4 Rc2+ 47. Ke3 Re2+ 48. Kf4 Kf6 49. Bb3 Ng6+ 50. Kf3 Rb2 51. Rd6+ Kf5 52.
Rd5+ Ne5+ 53. Rxe5+ Kxe5 54. Ba4 Kd4 55. Kf4 Rg2 56. Bc6 Rg1 57. Bf3 Rf1 58.
Kg3 Ke3 59. Bh5 d2 60. Kg2 d1=Q 61. Bxd1 Rxd1 62. Kg3 Rg1+ 63. Kh4 Kf4 64. Kh5
Kf5 65. h4 Rg4 0-1

[Event "12. Open Internacional Málaga"]
[Site "Malaga ESP"]
[Date "2009.07.17"]
[Round "8.46"]
[White "Acriz Ibanez, Salvador"]
[Black "Escalante Ortega, Fernando"]
[Result "0-1"]
[WhiteElo "1583"]
[BlackElo "1865"]
[PlyCount "72"]
[EventDate "2009.07.11"]
[EventType "swiss"]
[EventRounds "9"]
[EventCountry "ESP"]
[Source "lmi"]
[SourceDate "2009.07.11"]

1. Nf3 c5 2. e4 Nc6 3. d4 cxd4 4. Nxd4 Nf6 5. Nc3 e5 6. Nb3 Bb4 7. Bg5 h6 8.
Bxf6 Bxc3+ 9. bxc3 Qxf6 10. Bc4 O-O 11. O-O d6 12. Qd2 Be6 13. Bxe6 Qxe6 14. f4
exf4 15. Rxf4 Rad8 16. Qe3 f5 17. Nd4 Nxd4 18. Qxd4 b6 19. a4 Rc8 20. Qf2 fxe4
21. Rxf8+ Rxf8 22. Qe2 Qe5 23. Qe3 Rc8 24. Ra3 d5 25. Qh3 Rc7 26. Qe3 Rc4 27.
a5 Qe7 28. Ra1 b5 29. a6 Ra4 30. Rxa4 bxa4 31. Qd4 Qd7 32. c4 a3 33. cxd5 a2
34. c4 e3 35. Kf1 Qf5+ 36. Ke2 Qf2+ 0-1

[Event "12. Open Internacional Málaga"]
[Site "Malaga ESP"]
[Date "2009.07.19"]
[Round "9.4"]
[White "Larino Nieto, David"]
[Black "Stefansson, Hannes"]
[Result "0-1"]
[WhiteElo "2455"]
[BlackElo "2580"]
[PlyCount "62"]
[EventDate "2009.07.11"]
[EventType "swiss"]
[EventRounds "9"]
[EventCountry "ESP"]
[Source "lmi"]
[SourceDate "2009.07.11"]

1. e4 c5 2. Nc3 Nc6 3. g3 g6 4. Bg2 Bg7 5. d3 d6 6. f4 e5 7. Nh3 Nge7 8. f5
gxf5 9. Qh5 h6 10. O-O Nd4 11. Rf2 Be6 12. exf5 Bxf5 13. Bxb7 Bg6 14. Qh4 Rb8
15. Be4 f5 16. Bg2 Rb4 17. g4 Ne6 18. Qg3 Rxg4 19. Qf3 d5 20. Kh1 Bh5 21. Qd1
d4 22. Ne2 Rxg2 23. Kxg2 Qd5+ 24. Kf1 Bf6 25. Qe1 Qh1+ 26. Nhg1 f4 27. Ng3 fxg3
28. hxg3 O-O 29. Bxh6 Rf7 30. b4 Bg4 31. Bd2 Nf5 0-1

[Event "12. Open Internacional Málaga"]
[Site "Malaga ESP"]
[Date "2009.07.19"]
[Round "9.5"]
[White "Ibarra Jerez, Jose Carlos"]
[Black "Ortega Ruiz, Jose Miguel"]
[Result "1-0"]
[WhiteElo "2517"]
[BlackElo "2344"]
[PlyCount "105"]
[EventDate "2009.07.11"]
[EventType "swiss"]
[EventRounds "9"]
[EventCountry "ESP"]
[Source "lmi"]
[SourceDate "2009.07.11"]

1. e4 e5 2. Nf3 Nc6 3. Bb5 a6 4. Bxc6 dxc6 5. O-O Qf6 6. d4 exd4 7. Bg5 Qd6 8.
Nxd4 Be7 9. Bxe7 Nxe7 10. Nc3 O-O 11. Nb3 Qxd1 12. Raxd1 b6 13. Rd2 c5 14. Rfd1
Be6 15. Nc1 Nc6 16. N1e2 g5 17. Nd5 Rac8 18. Ng3 Kg7 19. b3 h6 20. c3 Rfe8 21.
f3 Ne5 22. h3 c4 23. f4 Bxd5 24. exd5 gxf4 25. Nh5+ Kf8 26. Nxf4 Rcd8 27. Rd4
b5 28. Rf1 Ke7 29. Nh5 Rg8 30. bxc4 Nxc4 31. Re4+ Kf8 32. Ref4 Ne5 33. Nf6 Rg7
34. Rf5 Nd7 35. Ng4 Rh7 36. Kh2 h5 37. Nf2 Nb6 38. Ne4 Ke7 39. Re5+ Kd7 40.
Nf6+ Kd6 41. Rff5 Nc4 42. Re2 Rhh8 43. Nxh5 Kc5 44. Re7 Rxd5 45. Rxc7+ Kd6 46.
Rxd5+ Kxc7 47. Nf4 Nb6 48. Rf5 Rh7 49. Nd5+ Nxd5 50. Rxd5 Kb6 51. Rd6+ Ka5 52.
Rf6 Rh4 53. g4 1-0

[Event "12. Open Internacional Málaga"]
[Site "Malaga ESP"]
[Date "2009.07.18"]
[Round "9.7"]
[White "Djuric, Stefan"]
[Black "Tratar, Marko"]
[Result "1/2-1/2"]
[WhiteElo "2437"]
[BlackElo "2494"]
[PlyCount "103"]
[EventDate "2009.07.11"]
[EventType "swiss"]
[EventRounds "9"]
[EventCountry "ESP"]
[Source "lmi"]
[SourceDate "2009.07.11"]

1. d4 Nf6 2. c4 g6 3. g3 Bg7 4. Bg2 O-O 5. Nf3 d6 6. O-O c6 7. Nc3 Qb6 8. b3 e5
9. e3 e4 10. Nd2 d5 11. a4 Bg4 12. a5 Qd8 13. Qc2 Re8 14. b4 a6 15. h3 Be6 16.
Na4 Nbd7 17. Rb1 h5 18. Nc5 Nxc5 19. cxd5 cxd5 20. dxc5 Qc8 21. h4 Bd7 22. Rd1
Bb5 23. Bf1 Bxf1 24. Nxf1 Qh3 25. Bb2 Rad8 26. Bxf6 Bxf6 27. Rd2 d4 28. exd4
Rxd4 29. Ne3 Qe6 30. Rbd1 Red8 31. Kg2 Rd3 32. Re2 R8d4 33. Qa4 Rxd1 34. Nxd1
Qg4 35. Qc2 Rxb4 36. Re3 Kf8 37. Nc3 Rc4 38. Qb3 Qe6 39. Ne2 Rxc5 40. Qxb7 Rxa5
41. Nf4 Qe7 42. Qc6 Qc5 43. Qxe4 Rb5 44. Rd3 Rb4 45. Qxg6 fxg6 46. Ne6+ Kf7 47.
Nxc5 a5 48. Rd7+ Ke8 49. Ra7 Bd8 50. Ra8 Ke7 51. Ra7+ Ke8 52. Ra8 1/2-1/2

[Event "12. Open Internacional Málaga"]
[Site "Malaga ESP"]
[Date "2009.07.18"]
[Round "9.8"]
[White "Guerra Bastida, Diego"]
[Black "Levin, Felix"]
[Result "1-0"]
[WhiteElo "2419"]
[BlackElo "2491"]
[PlyCount "109"]
[EventDate "2009.07.11"]
[EventType "swiss"]
[EventRounds "9"]
[EventCountry "ESP"]
[Source "lmi"]
[SourceDate "2009.07.11"]

1. e4 d6 2. Nc3 e5 3. Bc4 Nf6 4. d3 c6 5. Bb3 Nbd7 6. f4 Nc5 7. Nf3 Nxb3 8.
axb3 exf4 9. Bxf4 Be7 10. O-O O-O 11. Kh1 d5 12. e5 Ne8 13. Be3 b6 14. Ne2 Nc7
15. Nfd4 Bd7 16. Ng3 f6 17. Bf4 f5 18. Qe2 c5 19. e6 cxd4 20. exd7 Qxd7 21.
Bxc7 Qxc7 22. Nxf5 Bf6 23. Qe6+ Kh8 24. Qxd5 Qxc2 25. Nd6 Qc7 26. Ne4 Rad8 27.
Qc4 Qe7 28. Qa6 Be5 29. g3 Bb8 30. Qa3 Qxa3 31. bxa3 Kg8 32. Rxf8+ Rxf8 33. Rc1
Be5 34. Kg2 h6 35. b4 Rd8 36. Rc6 Kf7 37. b5 Ke7 38. a4 Rf8 39. h3 Kd7 40. Nd2
Re8 41. Ne4 Rf8 42. a5 Bc7 43. axb6 Bxb6 44. Rg6 Rf5 45. Rxg7+ Kd8 46. Nd6 Rd5
47. Nc4 Rxb5 48. Kf3 Bc7 49. g4 h5 50. g5 Rf5+ 51. Ke4 Rf4+ 52. Kd5 Rf3 53. g6
Rg3 54. Ke6 Kc8 55. Kd5 1-0

[Event "12. Open Internacional Málaga"]
[Site "Malaga ESP"]
[Date "2009.07.18"]
[Round "9.9"]
[White "Terron Elena, Francisco M"]
[Black "Suba, Mihai"]
[Result "0-1"]
[WhiteElo "2282"]
[BlackElo "2540"]
[PlyCount "96"]
[EventDate "2009.07.11"]
[EventType "swiss"]
[EventRounds "9"]
[EventCountry "ESP"]
[Source "lmi"]
[SourceDate "2009.07.11"]

1. d4 Nf6 2. c4 e6 3. Nf3 c5 4. e3 g6 5. Be2 Bg7 6. O-O O-O 7. Nc3 d6 8. Qc2
Nc6 9. Rd1 Qe7 10. a3 b6 11. Rb1 Bb7 12. b4 Rfd8 13. b5 Na5 14. dxc5 dxc5 15.
Bb2 Ne8 16. Rxd8 Rxd8 17. Rd1 Nd6 18. Nd2 f5 19. Na4 e5 20. Bc3 f4 21. e4 Bc8
22. Bxa5 bxa5 23. Nb3 Nb7 24. Rxd8+ Qxd8 25. Naxc5 Nxc5 26. Nxc5 Qd6 27. Na4
Qxa3 28. c5 Bf8 29. Qc4+ Kg7 30. h3 Qb4 31. Qxb4 axb4 32. Bg4 Bxg4 33. hxg4 Kf6
34. b6 axb6 35. cxb6 b3 36. b7 Bd6 37. Nb6 b2 38. Nd5+ Kg5 39. Nc3 Kxg4 40. f3+
Kh4 41. Kh2 Bb8 42. Nb1 h5 43. Nd2 g5 44. Nb1 g4 45. Nd2 g3+ 46. Kg1 Kg5 47.
Kf1 h4 48. Nb1 Kf6 0-1